| 000 | 00579nam a2200217Ia 4500 | ||
|---|---|---|---|
| 003 | GCL | ||
| 008 | 140319s9999 xx 000 0 eng d | ||
| 040 |
_aGCL / _cGCL |
||
| 082 | 0 | 4 |
_a617.6 _bL D |
| 100 | 1 | _aLITTLE, JAMES W. | |
| 245 | 1 | 0 |
_aDENTAL MANAGEMENT OF THE MEDICALLY COMPROMIAED PATIENT / _cLITTLE, JAMES W. |
| 700 | 1 | _aFALACE, DONALD A. | |
| 260 |
_a[S.N] : _bMOSBY ، _c1993 |
||
| 300 | _a590 P | ||
| 650 | 0 | 4 | _aSICK |
| 650 | 0 | 4 | _aDENTAL CARE |
| 650 | 0 | 4 | _aCHRONICALLY ILL |
| 650 | 0 | 4 | _aORAL MANIFESTATIONS OF LENERAL |
| 650 | 0 | 4 | _aDISEASES |
| 942 |
_2ddc _cBK |
||
| 999 |
_c23350 _d23350 |
||